| 000 | 00950nam a2200253Ia 4500 | ||
|---|---|---|---|
| 003 | OSt | ||
| 005 | 20221005105150.0 | ||
| 006 | a|||||r|||| 00| 0 | ||
| 007 | ta | ||
| 008 | 221004b |||||||| |||| 00| 0 hin d | ||
| 020 |
_a9788179753033 (hbk) _c350 |
||
| 024 | _a102172 | ||
| 037 |
_b416, 23/03/2010, Swaraj Prakashan _cTextual |
||
| 040 |
_aCRL _cCRL _bhin |
||
| 041 |
_2hin _ahin |
||
| 082 | _aV2:91.P1, 152P9 | ||
| 100 | _aचतुर्वेदी, जगदीश्वर | ||
| 245 | 0 | _a2009 लोकसभा चुनाव और मीडिया | |
| 246 | _a2009 lokasabhā chunāv aur mīḍiyā | ||
| 260 |
_aनई दिल्ली _bअनामिका पब्लिशर्स भारत _c2009 |
||
| 300 |
_a170पृ0 _ccm. |
||
| 942 |
_hV2:91.P1, 152P9 _cTEXL _2cc |
||
| 999 |
_c1014976 _d1014976 |
||